000 00318 a2200133 4500
001 154104
040 _cEscola São Tomás de Aquino
240 1 0 _aSaraiva infantil de A a Z
_lpor
245 1 0 _aSaraiva infantil de A a Z
362 0 _a2008
440 1 _aSaraiva
697 _aDicionário de português
942 _cMATP
999 _c154104
_d154104